| 000 | 00943nam a2200253 a 4500 | ||
|---|---|---|---|
| 003 | EG-GiCUC | ||
| 008 | 100526s2007 ua g 000 0 ara d | ||
| 017 |
_a2007 / 22079 _bمصر . دار الكتب |
||
| 020 | _a9774273109 | ||
| 040 |
_aEG-GiCUC _bara _cEG-GiCUC |
||
| 092 | 0 | 4 |
_a704.9481 _bF213 _221 |
| 099 |
_a04 _a704.9481 F213 |
||
| 245 | 0 | 2 |
_aالفن المملوكى : _b عظمة وسحر السلاطين |
| 260 |
_aالقاهرة : _bالدار المصرية اللبنانية : _c2007 |
||
| 300 |
_a235ص : _bايض ؛ _c24سم |
||
| 490 | 1 | _aسلسلة معارض "متحف بلا حدود"الدولية | |
| 650 | 7 |
_aالفن الاسلامى _2qrmak |
|
| 830 | 0 | _aسلسلة معارض"متحف بلا حدود"الدولية | |
| 902 | _a3 | ||
| 905 |
_aرضا _eمدخل |
||
| 905 | _eمراجع | ||
| 942 |
_2ddc _cBK |
||
| 999 |
_c119937 _d119937 |
||